LEADER 01164nam 2200289Ia 450 001 996395093303316 005 20221107205236.0 035 $a(CKB)4330000000318107 035 $a(EEBO)2240880791 035 $a(OCoLC)11659952 035 $a(EXLCZ)994330000000318107 100 $a19850205d1652 uy | 101 0 $aeng 135 $aurbn||||a|bb| 200 13$aAn exposition with practical observations, continued upon the eleventh, twelfth, thirteenth, and fourteenth chapters of the book of Job$b[electronic resource] $ebeing the sum of XXXV lectures, delivered at Magnus near the Bridg, London /$fby Joseph Caryl 210 $aLondon $cPrinted by J. Macock, for Luke Fawn$d1652 215 $a[10], 672, [19] p 300 $aReproduction of original in Bristol Public Library, Bristol, England. 330 $aeebo-0016 700 $aCaryl$b Joseph$f1602-1673.$01003625 801 0$bEAA 801 1$bEAA 801 2$bWaOLN 906 $aBOOK 912 $a996395093303316 996 $aAn exposition with practical observations, continued upon the eleventh, twelfth, thirteenth, and fourteenth chapters of the book of Job$92415423 997 $aUNISA LEADER 01158nam 2200373 450 001 9910794960203321 005 20230803211600.0 010 $a3-7369-4761-5 035 $a(CKB)4340000000200743 035 $a(MiAaPQ)EBC5022815 035 $a(EXLCZ)994340000000200743 100 $a20171002h20142014 uy 0 101 0 $aeng 135 $aurcnu|||||||| 181 $2rdacontent 182 $2rdamedia 183 $2rdacarrier 200 10$aRotational spectra of elusive molecules in the laboratory and in space /$fSilvia Spezzano 210 1$aGo?ttingen, [Germany] :$cCuvillier Verlag,$d2014. 210 4$dİ2014 215 $a1 online resource (143 pages) $cillustrations, tables 311 $a3-95404-761-6 320 $aIncludes bibliographical references. 606 $aHigh resolution spectroscopy 615 0$aHigh resolution spectroscopy. 676 $a543.62 700 $aSpezzano$b Silvia$01583021 801 0$bMiAaPQ 801 1$bMiAaPQ 801 2$bMiAaPQ 906 $aBOOK 912 $a9910794960203321 996 $aRotational spectra of elusive molecules in the laboratory and in space$93865837 997 $aUNINA